Κατάλογος Βιβλιοθηκών Mediterranean College

Μάρκετινγκ / Όσα Πρέπει να Γνωρίζετε και Δεν Έχετε Ρωτήσει (Record no. 6406)

MARC details
000 -LEADER
fixed length control field 01670cam a22002054a 4500
005 - ΗΜΕΡΟΜΗΝΙΑ ΚΑΙ ΩΡΑ ΤΕΛΕΥΤΑΙΑΣ ΕΝΗΜΕΡΩΣΗΣ
Πεδίο ελέγχου 20250605164241.0
008 - FIXED-LENGTH DATA ELEMENTS--GENERAL INFORMATION
Πεδίο ελέγχου σταθερού μήκους 250528s ||||||||||||||||||||||||d
035 ## - SYSTEM CONTROL NUMBER
System control number 21341
020 ## - ISBN
ISBN 9789602186428
040 ## - ΠΗΓΗ ΚΑΤΑΛΟΓΟΓΡΑΦΗΣΗΣ
Φορέας πρωτότυπης καταλογογράφησης MC Athens Campus Library
Γλώσσα καταλογογράφησης Ελληνικά, Μοντέρνα (1453-)
Modifying agency MC Athens Campus Library
Κανόνες περιγραφικής καταλογογράφησης AACR2
245 1# - ΤΙΤΛΟΣ ΚΑΙ ΔΗΛΩΣΗ ΥΠΕΥΘΥΝΟΤΗΤΑΣ
Τίτλος Μάρκετινγκ / Όσα Πρέπει να Γνωρίζετε και Δεν Έχετε Ρωτήσει
250 ## - EDITION STATEMENT
Edition statement
260 ## - PUBLICATION, DISTRIBUTION, ETC.
Name of publisher, distributor, etc. Κριτική,
Date of publication, distribution, etc. 2009
300 ## - PHYSICAL DESCRIPTION
Extent 456
520 ## - SUMMARY, ETC.
Summary, etc. Κατανόηση του Ρόλου του Μάρκετινγκ στους Οργανισμούς και στην Κοινωνία, Το Πακέτο Προσφοράς Μάρκετινγκ, Επικοινωνία Μάρκετινγκ, Έρευνα Μάρκετινγκ, Στρατηγικός Σχεδιασμός Εταιρείας και Μάρκετινγκ, Τηματοποίηση Αγοράς, Αγορά και Στόχος, Διαφοροποίηση και Χωροθέτηση στο Μάρκετινγκ, Καταναλωτική Συμπεριφορά, Διαφήμιση και Προώθηση Πωλήσεων και Δημόσιες Σχέσεις, Προσωπική Πώληση, Άμεσο Μάρκετινγκ, Γκάμα και Μάρκα και Συσκευασία Προϊόντος, Μάρκετινγκ Υπηρεσιών, Λιανικό και Χονδρικό Εμπόριο, Διεθνές Μάρκετινγκ, Ηλεκτρονικό Μάρκετινγκ και Ηλεκτρονικό Εμπόριο, Νευρομάρκετινγκ, Βιβλιογραφία.
700 1# - ΠΡΟΣΘΕΤΗ ΑΝΑΓΡΑΦΗ--ΦΥΣΙΚΟ ΠΡΟΣΩΠΟ
Personal name Πασχαλούδης Δημήτρης
9 (RLIN) 7399
942 ## - ADDED ENTRY ELEMENTS (KOHA)
Koha item type Books
Holdings
Τύπος τεκμηρίου Βιβλιοθήκη Τρέχουσα τοποθεσία Barcode Αριθμός εισαγωγής Ημερομηνία απόκτησης Ταξιθετικό σύμβολο Αριθμός αντιτύπου Κατάσταση απόσυρσης Κατάσταση χαμένου Κατάσταση κατεστραμμένου Μη δανεισμός Σύνολο δανεισμών Ημερομηνία τελευταίας εμφάνισης Η τιμή ισχύει από
Books MC Athens Campus Library MC Athens Campus Library 9780000064059 5511 05/06/2025 658.8 PAS 1           05/06/2025 05/06/2025

MC Athens Campus Library
Πατησίων 94 & Κοδριγκτώνος 13, 104 34
Πελλήνης 8 & Πατησίων 107, 112 51
Τ: +30 210 8899600

MC Thessaloniki Campus Library
Ίωνος Δραγούμη 21, 54625 | Ίωνος Δραγούμη 15, 54625
Τ: +30 2310 287779 – Τ: +30 2314 440300